000 00640nam a22001695i 4500
001 167952
003 ES-MaACL
005 20230906213636.0
008 051003s1874 be | |||||||| ||fre d
040 _aCAM
_bspa
_cCAM
100 1 _aWirth, Max.
_9133946
245 1 0 _aLois du travail au XIX\pe\s siècle /
_cMax. Wirth; traduit de l'allemand par la baronne de Crombrugghe.
260 _aBruxelles ;
_aLeipzig :
_bLibrairie C. Muquardt, Merzbach & Falk,
_c1874 (
_eGand :
_fImprimerie de I.-S. van Dosselaere)
300 _aVIII, 514 p. ;
_c22 cm.
700 1 _aCrombrugghe, Baronne de.
_941680
852 _aES-MaACL
_jG-7978
_z-- Enc. hol.
999 _c167952
_d167952